|
|
|
|
| LEADER |
02391nam a2200613 i 4500 |
| 001 |
nkc20253684398 |
| 003 |
CZ PrNK |
| 005 |
20250523103004.0 |
| 007 |
ta |
| 008 |
250507s2025 xr ac e 000 0bcze |
| 015 |
|
|
|a cnb003684398
|
| 020 |
|
|
|q (Lynx)
|z 978-80-88229-22-9
|q (brožováno)
|z 97880-88229-22-9
|
| 040 |
|
|
|a BOA001
|b cze
|e rda
|
| 043 |
|
|
|a e-xr---
|
| 045 |
|
|
|a x-y-
|
| 072 |
|
7 |
|a 502
|x Životní prostředí a jeho ochrana
|2 Konspekt
|9 2
|
| 072 |
|
7 |
|a 929
|x Biografie
|2 Konspekt
|9 8
|
| 080 |
|
|
|a 179.3-051
|2 MRF
|
| 080 |
|
|
|a 502.17-051
|2 MRF
|
| 080 |
|
|
|a 598.2
|2 MRF
|
| 080 |
|
|
|a 502.172:592/599
|2 MRF
|
| 080 |
|
|
|a 502.172
|2 MRF
|
| 080 |
|
|
|a 929
|2 MRF
|
| 080 |
|
|
|a (437.3)
|2 MRF
|
| 080 |
|
|
|a (092)
|2 MRF
|
| 100 |
1 |
|
|a Kvasnica, Jaroslav,
|d 1953-
|7 jk01071174
|4 aut
|
| 245 |
1 |
0 |
|a Strážce Noemovy archy :
|b okřídlený svět Zdeňka Machaře /
|c Jaroslav Monte Kvasnica
|
| 250 |
|
|
|a Vydání první
|
| 264 |
|
1 |
|a Brno :
|b Lynx,
|c 2025
|
| 300 |
|
|
|a 245 stran :
|b ilustrace (převážně barevné), portréty ;
|c 21 cm
|
| 336 |
|
|
|a text
|b txt
|2 rdacontent
|
| 337 |
|
|
|a bez média
|b n
|2 rdamedia
|
| 338 |
|
|
|a svazek
|b nc
|2 rdacarrier
|
| 504 |
|
|
|a Obsahuje bibliografii
|
| 600 |
1 |
7 |
|a Machař, Zdeněk
|7 mzk20251262725
|2 czenas
|
| 648 |
|
7 |
|a 20.-21. století
|7 ch462155
|2 czenas
|
| 650 |
0 |
7 |
|a ochránci zvířat
|7 ph1170849
|z Česko
|y 20.-21. století
|2 czenas
|
| 650 |
0 |
7 |
|a ochránci přírody
|7 ph123672
|z Česko
|y 20.-21. století
|2 czenas
|
| 650 |
0 |
7 |
|a ptáci
|7 ph115956
|2 czenas
|
| 650 |
0 |
7 |
|a ochrana živočichů
|7 ph135419
|z Česko
|y 20.-21. století
|2 czenas
|
| 650 |
0 |
7 |
|a ochrana živé přírody
|7 ph135418
|z Česko
|y 20.-21. století
|2 czenas
|
| 650 |
0 |
9 |
|a animal protectors
|z Czechia
|y 20th-21st centuries
|2 eczenas
|
| 650 |
0 |
9 |
|a environmentalists
|z Czechia
|y 20th-21st centuries
|2 eczenas
|
| 650 |
0 |
9 |
|a birds
|2 eczenas
|
| 650 |
0 |
9 |
|a animal conservation
|z Czechia
|y 20th-21st centuries
|2 eczenas
|
| 650 |
0 |
9 |
|a living nature protection
|z Czechia
|y 20th-21st centuries
|2 eczenas
|
| 655 |
|
7 |
|a biografie
|7 fd131909
|2 czenas
|
| 655 |
|
9 |
|a biography
|2 eczenas
|
| 910 |
2 |
|
|a BOA001
|b 2-1544.431
|
| 990 |
|
|
|a BK
|
| 995 |
|
|
|a 60
|
| 991 |
|
|
|b 202505
|c NOV
|
| 996 |
6 |
|
|b 2611003807
|c 2-1544.431
|l MZK
|r Sklad / do 1 hodiny
|n 1
|p p.v.
|w 002005480
|u 000010
|a 1
|e BOA001
|j MZK50
|s P
|
| 996 |
7 |
|
|b 2611003808
|c 2-1544.431
|l MZK
|r Sklad / do 1 hodiny
|n 2
|p p.v.
|w 002005480
|u 000020
|a 1
|e BOA001
|j MZK50
|s A
|